| 000 | 00923nam a22002537a 4500 | ||
|---|---|---|---|
| 005 | 20130321120149.0 | ||
| 010 | _aENG-104750 | ||
| 020 |
_a9780198079880 _c295.00 |
||
| 020 |
_a0198079885 _c295.00 |
||
| 035 | _aEN-88283 | ||
| 035 | _aB-491291-299 | ||
| 037 | _bDBAD/PUB | ||
| 037 | _bMallika Boks/Ven | ||
| 082 | _aN | ||
| 100 | _aNarayan | ||
| 245 |
_aKocharethi : _bthe Araya woman / _cby Narayan ; translated from Malyalam by Catherine Thankamma with an introduction by G.S. Jayasree; illustrated by Sudheesh P.S. |
||
| 260 |
_aNew Delhi _bOxford University Press _c2012 |
||
| 270 |
_aYMCA Library Building, 1 Jai Singh Road _bNew Delhi _e110001 |
||
| 300 |
_axxx,221p. _c23cm(pbk) |
||
| 700 |
_aThankamma, Catherine _939364 |
||
| 700 |
_aSudheesh, P.S. _939365 |
||
| 942 |
_2ddc _cEN _mNAR _hN |
||
| 999 |
_c61044 _d61044 |
||